| 000 | 00496nam a2200181Ia 4500 | ||
|---|---|---|---|
| 003 | GCL | ||
| 008 | 140319s9999 xx 000 0 eng d | ||
| 040 |
_aGCL / _cGCL |
||
| 082 | 0 | 4 |
_a733.15 _bH D |
| 100 | 1 | _aHARLE,LESLEY | |
| 245 | 1 | 0 |
_aDESIGNER CHINA: HAND-POINTING CERAMICE TO DECORATE YOUR HOME / _cHARLE,LESLEY |
| 700 | 1 | _aCONDER,SUSAN | |
| 260 |
_a[S.N] : _bHEARST BOOK |
||
| 650 | 0 | 4 | _aTHEMES - MOTIVES |
| 650 | 0 | 4 | _aCHINA - PAINTING |
| 650 | 0 | 4 | _aINTERIOR DECORATION |
| 942 |
_2ddc _cBK |
||
| 999 |
_c22473 _d22473 |
||